Tilastot visalle Maat, joissa on alin ensisynnytysikä

Klikkaa tästä pelataksesi tätä visaa!

Yleistilastot

  • Tätä visaa on pelattu 87 kertaa
  • Keskiarvotulos 9 / 16

Vastaustilastot

Ikä*VinkkiMaa% Oikein
18.10AfrikkaNiger
97%
18.60AfrikkaMali
68%
19.20AfrikkaSambia
67%
18.20AfrikkaTsad
67%
18.00AfrikkaAngola
59%
18.90AfrikkaGuinea
59%
18.90AfrikkaUganda
59%
18.90AfrikkaMalawi
55%
18.90AfrikkaMosambik
55%
19.40AfrikkaBurkina Faso
51%
19.00AfrikkaBotswana
49%
19.00AfrikkaSierra Leone
49%
19.00AfrikkaLiberia
48%
19.40AfrikkaKap Verde
38%
18.10AsiaBangladesh
29%
19.40AfrikkaSao Tome & Principe
26%

Tulosjakauma

Persentiili vastausten määrän mukaan

Jokaisen tuloksen saaneiden osuus

Tuloshistoriasi

Et ole pelannut tätä visaa